书目信息 |
| 题名: |
材料力学
|
|
| 作者: | W.A纳什 著 ;赵志岗 译 | |
| 分册: | ||
| 出版信息: | 北京 科学出版社 2002.01 |
|
| 页数: | 352页 | |
| 开本: | 30cm | |
| 丛书名: | ||
| 单 册: | ||
| 中图分类: | TB , TB301 | |
| 科图分类: | ||
| 主题词: | 工程材料 | |
| 电子资源: | ||
| ISBN: | 7-03-009608-8 | |
| 000 | 00618nam0 2200217 45 | |
| 001 | 0334563933 | |
| 005 | 2003040109360394 | |
| 010 | @a7-03-009608-8@dRMB 38.00 | |
| 100 | @a20030401d2002 km y0chiy0120 ea | |
| 101 | 0 | @achi |
| 102 | @aCN@b110000 | |
| 200 | 1 | @a材料力学@Acai liao li xue@f(美)W.A纳什著;赵志岗译@F(mei)W.A na shen zhu;zhao zhi gang yi |
| 210 | @a北京@c科学出版社@d2002.01 | |
| 215 | @a352页@d30cm | |
| 606 | 0 | @a工程材料 |
| 690 | @aTB@v3 | |
| 690 | @aTB301@v4 | |
| 701 | 0 | @aW.A纳什@AW.A na shen@4著 |
| 702 | 0 | @a赵志岗@Azhao zhi gang@4译 |
| 801 | 0 | @aCN@bPFT@c20030401 |
| 905 | @a10447@dTB301@eN038 | |
| 材料力学/(美)W.A纳什著;赵志岗译.-北京:科学出版社,2002.01 |
| 352页;30cm |
| ISBN 7-03-009608-8:RMB 38.00 |
| ● |
| 相关链接 |
|
|
|
正题名:材料力学
索取号:TB301/N038
 
预约/预借
| 序号 | 登录号 | 条形码 | 馆藏地/架位号 | 状态 | 备注 |
| 1 | 368419 | 203684192 | 自科库501/501自科库 11排1列3层/ [索取号:TB301/N038] | 在馆 | |
| 2 | 368420 | 203684209 | 自科库501/501自科库 11排1列3层/ [索取号:TB301/N038] | 在馆 | |
| 3 | 368421 | 203684218 | 期刊室512/501自科库 11排1列3层/ [索取号:TB301/N038] | 在馆 |